Every 250K+ City In Turkey On A Map - Statistics

General Stats
  • This quiz has been taken 610 times
  • The average score is 22 of 34
Answers on the Map
Answers color-coded by a green-red scale on the quiz's map according to % correct below.
 
Answer Stats
Rank City Population % Correct
2 Ankara 5,036,000
99%
1 Istanbul 15,113,000
99%
3 Izmir 2,956,000
97%
8 Antalya 1,240,000
95%
4 Bursa 1,968,000
93%
7 Konya 1,300,000
88%
5 Adana 1,737,000
87%
6 Gaziantep 1,667,000
87%
15 Samsun 617,000
81%
19 Van 497,000
78%
9 Diyarbakır 1,035,000
77%
30 Trabzon 286,000
76%
10 Mersin 996,000
75%
11 Kayseri 955,000
68%
21 Batman 434,000
64%
12 Eskişehir 765,000
64%
22 Erzurum 410,000
62%
26 Antakya 348,000
61%
14 Denizli 623,000
59%
27 İzmit 335,000
59%
16 Şanlıurfa 577,000
58%
25 Sivas 353,000
55%
17 Kahramanmaraş 538,000
50%
20 Malatya 475,000
50%
18 Adapazarı 525,000
47%
29 Çorlu 288,000
46%
24 Manisa 372,000
46%
13 Gebze 708,000
44%
28 Balıkesir 306,000
43%
23 Elâziğ 377,000
38%
32 Çorum 267,000
37%
34 Kütahya 252,000
37%
33 Adıyaman 260,000
32%
31 Tarsus 267,000
31%
No matching quizzes found
Score Distribution
Percent of People with Each Score
Percentile by Number Answered
Your Score History
You have not taken this quiz